000 00302nam a22001217a 4500
999 _c13260
_d13260
020 _a9789698791438
082 _a907.205
100 _aSyed Jaffar Ahmed
245 _aChallenges of History Writing in South Asia
260 _aPakistan
_bUniversity of Karachi
_c2013
300 _a506 pages
942 _cBK